Volúmenes lineales
I tiakina i:
| Kaituhi matua: | |
|---|---|
| Hōputu: | Pukapuka |
| Reo: | Pāniora |
| I whakaputaina: |
Santiago
Patricia Ready Galería
2008
|
| Putanga: | 1a. ed |
| Ngā marau: | |
| Ngā Tūtohu: |
Tāpirihia he Tūtohu
Kāore He Tūtohu, Me noho koe te mea tuatahi ki te tūtohu i tēnei pūkete!
|
MARC
| LEADER | 00000cam a2200000 a 4500 | ||
|---|---|---|---|
| 001 | UCC4634 | ||
| 003 | CL-VaPUC | ||
| 008 | 180817e20080000cl |||||||||||||||||spa|d | ||
| 082 | 0 | 4 | |a 730.92 |b SAN |2 21 |
| 100 | 0 | |a Sánchez, Teresa |e author |9 598851 | |
| 245 | 1 | 0 | |a Volúmenes lineales |
| 250 | |a 1a. ed | ||
| 300 | |a 47 p | ||
| 942 | |c BK | ||
| 945 | |d 20180817 12:57:00 |a dcastane | ||
| 260 | |a Santiago |b Patricia Ready Galería |c 2008 | ||
| 500 | |a Exposición realizada en Santiago desde el 16 de octubre al 6 de diciembre de 2008 | ||
| 650 | 0 | |a Esculturas |9 344688 | |
| 650 | 0 | |a Escultores |9 267159 | |
| 650 | 0 | |a Artistas colombianos |9 488024 | |
| 583 | |a last modification |c 20180817 12:57:00 |k Rodrigo Vera | ||
| 999 | |c 372086 |d 372084 | ||
| 952 | |0 0 |1 0 |3 erb |4 0 |6 730_920000000000000_SAN_2008 |7 0 |8 R |9 489349 |a BIBART |b BIBART |i 5488214 |l 1 |o 730.92 SAN 2008 |p 5488214 |r 2025-03-13 |s 2022-05-04 |w 2019-11-24 |y BK_R |z Catalogado en:20180817 |k ART | ||